000
00314nam a22001457a 4500
008
210305b ||||| |||| 00| 0 eng d
020
_a
025602734X
041
_a
eng
080
_a
33
082
_a
33
100
_a
58
101
_a
BIZ
245
_a
Basic Business Communication
_c
Lesikar,V.R
942
_2
udc
_c
BK
999
_c
55888
_d
55888